Vetranie a klimatizácia stavebných objektov športového charakteru

Gespeichert in:
Bibliographische Detailangaben
1. Verfasser: Godályová, Kristína (Verfasst von)
Weitere Verfasser: Baloghová, Kristína (Betreuung Doktorarbeit)
Format: Manuskript Buch
Sprache:Slowakisch
Veröffentlicht: 2025
Schlagworte:
Online-Zugang:http://is.stuba.sk/zp/portal_zp.pl?podrobnosti=190931
CRZP
Tags: Tag hinzufügen
Keine Tags, Fügen Sie das erste Tag hinzu!

MARC

LEADER 00000ntm a22000003a 4500
001 stuzp105619
003 SK-STU
005 20250722154139.0
007 ta
008 150427s2015----xo-----f-mn---000-0-slo-d
040 |a STU  |b slo 
041 0 |a slo 
100 1 |a Godályová, Kristína  |u 010290  |4 aut  |U SvF Stavebná fakulta  |T SvF Katedra technických zariadení budov  |X 112593  |U V290  |Y 31  |7 112593 
242 0 1 |a Ventilation and air conditioning of sports buildings  |y eng 
245 1 0 |a Vetranie a klimatizácia stavebných objektov športového charakteru 
260 |c 2025 
650 4 |a Air-handling  |2 eng 
650 4 |a Air conditioning  |2 eng 
650 4 |a Ventilation  |2 eng 
650 4 |a Vetranie  |2 slo 
650 4 |a Klimatizácia  |2 slo 
650 4 |a Vzduchotechnika  |2 slo 
700 1 |a Baloghová, Kristína  |4 ths  |X 32695  |7 A000032695 
856 4 |u http://is.stuba.sk/zp/portal_zp.pl?podrobnosti=190931 
856 4 |u https://opac.crzp.sk/?fn=detailBiblioForm&sid=809C367C54749DCAA145ADFF7E5A  |z CRZP